Top 10 Countries by Per Capita Crude Oil Production - Statistics

General Stats
  • This quiz has been taken 57,147 times
    17,633 since last reset
  • The average score is 8 of 10
Answer Stats
Bbl / person Continent Country % Correct
108 Asia Saudi Arabia
95%
42.9 North America Canada
88%
119 Asia United Arab Emirates
87%
164 Asia Qatar
86%
206 Asia Kuwait
83%
77.5 Asia Oman
79%
42.2 Asia Bahrain
74%
173 South America Guyana
72%
121 Europe Norway
72%
61.5 Africa Libya
50%
No matching quizzes found
Score Distribution
Percent of People with Each Score
Percentile by Number Answered
Your Score History
You have not taken this quiz since the last reset